Systémy bezpečnosti produktov v Európskej únii

Bezpečnosť produktov a ochrana spotrebiteľa. Analýza činnosti systémov zaisťujúcich bezpečnosť produktov v rámci Európskej únie. Záväzky členských štátov voči spoločnému trhu a bezpečnosť produktov. Systém RAPEX (Systém Spoločenstva na rýchlu výmenu informácií). Systém RASFF (Rýchly výstražný systém...

ver descrição completa

Na minha lista:
Detalhes bibliográficos
Autor principal: Lacková, Alica
Formato: Capítulo de Livro
Idioma:eslovaco
Assuntos:
Tags: Adicionar Tag
Sem tags, seja o primeiro a adicionar uma tag!

MARC

LEADER 00000nla a2200000 4500
001 0239504
005 20240502073900.6
041 0 |a slo 
044 |a SK 
245 1 0 |a Systémy bezpečnosti produktov v Európskej únii  |c Alica Lacková 
520 |a Bezpečnosť produktov a ochrana spotrebiteľa. Analýza činnosti systémov zaisťujúcich bezpečnosť produktov v rámci Európskej únie. Záväzky členských štátov voči spoločnému trhu a bezpečnosť produktov. Systém RAPEX (Systém Spoločenstva na rýchlu výmenu informácií). Systém RASFF (Rýchly výstražný systém pre potraviny a krmivá – Rapid Alert System for Food and Feed). Iné bezpečnostné systémy: REACH, EudraVigilance, EudraPharm. 
610 2 0 |a ochrana spotrebiteľa 
610 2 0 |a spotrebitelia 
610 2 0 |a bezpečnosť výrobkov 
610 2 0 |a produkty 
610 2 0 |a bezpečnosť 
610 2 0 |a výrobky 
610 2 0 |a systémy bezpečnostné 
610 2 0 |a Európska únia 
100 1 |a Lacková, Alica